00233nam a2200085Ia 450000100070000000500170000700800410002424500510006526000310011671976020250826163049.0250824s9999 xx 000 0 und d 0aTÜRKİYE BENİMLE GURUR DUYUYORcCANAN TAN bALTIN KİTAPLAR YAYINLARI